000 00484cam a2200181ua 4500
001 1316
008 110702n ii |||gr||||Z||||||eng
040 _cMAIN
082 _a330.954
100 _aGanguli, Chittatosh.,
245 _aStudies in Indian economic problems.
_cBy Chittatosh Ganguli.
250 _a1st.
260 _aCalcutta.:
_bBani sri press.,967.
300 _axi, 73 p.:
_c20 cm.
653 _aEconomics.
653 _aStudies in Indian economic problem.
942 _cBK
999 _c1216
_d1216